[Event "ch-AUT"]
[Site "Jenbach AUT"]
[Date "2009.07.28"]
[Round "4"]
[White "Ager,J"]
[Black "Pilaj,H"]
[Result "1/2-1/2"]
[WhiteElo "2214"]
[BlackElo "2357"]

1.Nf3 d5 2.c4 c6 3.Qc2 Nf6 4.g3 Bg4 5.Bg2 Nbd7 6.d3 e5 7.cxd5 cxd5 8.Qa4 Bd6
9.Bg5 Be6 10.d4 e4 11.Ne5 O-O 12.Nxd7 Qxd7 13.Qb3 Ne8 14.Nc3 h6 15.Be3 Rc8
16.Rc1 Nf6 17.Nd1 Rxc1 18.Bxc1 Rc8 19.Bd2 b6 20.O-O Rc4 21.Bc3 Ng4 22.f3 Nf6
23.Ne3 Rc8 24.Bb4 Bb8 25.Rd1 a5 26.Bc3 exf3 27.exf3 Qd6 28.Qb5 Bd7 29.Qd3 Re8
30.Re1 Qc6 31.Bf1 Bd6 32.a3 Bf8 33.Ng2 Rc8 34.Rc1 g6 35.Bd2 Qb7 36.Rxc8 Qxc8
37.Bf4 Qc6 38.Qd2 h5 39.Bd3 Ne8 40.Qc2 Bg7 41.Be5 Bxe5 42.dxe5 Qc5+ 43.Kf1 Bb5
44.Qe2 Qc1+ 45.Ne1 Bxd3 46.Qxd3 Qxb2 47.Qxd5 Qxh2 48.Qd8 Qh3+ 49.Kf2 Qe6
50.Nd3 Kh7 51.f4 Ng7 52.Qd6 Nf5 53.Qxe6 fxe6 54.a4 Kh6 55.Nb2 Ne7 56.Nc4 Nd5
57.Kf3 g5 58.Ke4 gxf4 59.gxf4 Nc3+ 60.Kd4 Nxa4 61.f5 exf5 62.e6 Kg7 63.Ke5 f4
64.Nd6 Nc5 65.e7 Nd7+ 66.Kxf4 Nf6 67.Kf5 h4 68.Ke6 h3 69.Nf5+ Kg6 70.Nh4+ Kg7
71.Nf5+ Kg6 72.Nh4+ Kg5 73.Nf3+ Kg6 74.Nh4+ Kg7  1/2-1/2

[Event "Czech Open A"]
[Site "Pardubice CZE"]
[Date "2009.07.28"]
[Round "5"]
[White "Cifka,S"]
[Black "Stocek,J"]
[Result "0-1"]
[WhiteElo "2420"]
[BlackElo "2584"]

1.Nf3 d5 2.c4 d4 3.e3 Nc6 4.exd4 Nxd4 5.Nxd4 Qxd4 6.Nc3 c6 7.d3 Nh6 8.Be3 Qd8
9.Bxh6 gxh6 10.d4 Rg8 11.Qd3 Rg6 12.O-O-O Bg7 13.Be2 Qa5 14.d5 Bd7 15.Bh5 Rg5
16.Qxh7 O-O-O 17.Bxf7 Bxc3 18.bxc3 Qxc3+ 19.Qc2 Qa1+ 20.Qb1 Qc3+ 21.Qc2 Qa1+
22.Qb1 Qf6 23.Be6 Qf4+ 24.Kb2 Rxg2 25.Bxd7+ Rxd7 26.dxc6 Rxf2+ 27.Kb3 Qf3+
28.Kb4 a5+ 29.Ka4 Qxc6+ 30.Kb3 Qf3+ 31.Ka4 Qc3 32.Rxd7 Rxa2+  0-1

[Event "Women's Open"]
[Site "Vratsa BUL"]
[Date "2009.07.28"]
[Round "5"]
[White "Sgircea,S"]
[Black "Baciu,D"]
[Result "1-0"]
[WhiteElo "2199"]
[BlackElo "2139"]

1.Nf3 d5 2.c4 c6 3.b3 Nf6 4.g3 Bg4 5.Bg2 e6 6.O-O Nbd7 7.d4 Bxf3 8.Bxf3 Bd6
9.Bb2 O-O 10.Nd2 Qe7 11.Qc2 Rac8 12.e4 dxe4 13.Nxe4 Nxe4 14.Bxe4 Nf6 15.Bg2 Rfd8
16.Rad1 Qc7 17.f4 Ne8 18.f5 e5 19.f6 Nxf6 20.Rxf6 gxf6 21.Qf5 Bc5 22.Qg4+ Kf8
23.dxc5 Rxd1+ 24.Qxd1 Rd8 25.Qe2 Qa5 26.Bc1 Qc3 27.Be3 Ke7 28.Be4 h5 29.Kf2 a5
30.Qc2 Qa1 31.Bf3 Ke6 32.Kg2 h4 33.g4 Ke7 34.Bf2 Rh8 35.Qd2 h3+ 36.Kg3 Rd8
37.Qc2 Qf1 38.Be3 Rd3 39.Qf2 Qa1 40.Be4 Rc3 41.Kh4 a4 42.g5 Ke8 43.gxf6 axb3
44.axb3 Rxb3 45.Bf5 Qc3 46.Qg3 Qxc4+ 47.Kxh3 Qf1+ 48.Kg4 Qe2+ 49.Kh4 Rb4+
50.Kg5 Kd8 51.Kh6  1-0

[Event "zt 3.3 w"]
[Site "Ho Chi Minh City VIE"]
[Date "2009.07.29"]
[Round "9"]
[White "Nguyen Thi Thanh An"]
[Black "Enkhtuul,A"]
[Result "1/2-1/2"]
[WhiteElo "2330"]
[BlackElo "2051"]

1.Nf3 d5 2.c4 d4 3.d3 f6 4.g3 e5 5.Bg2 c6 6.O-O Bd6 7.e3 dxe3 8.fxe3 Ne7
9.Nc3 Be6 10.Qe2 Nd7 11.d4 O-O 12.b3 Bg4 13.Bb2 Qe8 14.Rf2 Qh5 15.Ne4 Bc7
16.Qd2 f5 17.Nc3 f4 18.gxf4 exf4 19.e4 Rad8 20.Qe2 Ng6 21.h3 Bxh3 22.Bxh3 Qxh3
23.Rh2 Qe6 24.Kh1 Nf6 25.Rg1 Qd7 26.e5 Ne8 27.Ne4 Qf5 28.Rg5 Qe6 29.Qg2 b6
30.Rhh5 Rd7 31.Rg4 Nf6 32.Nxf6+ gxf6 33.exf6 Qe4 34.d5 Rff7 35.Ng5 Qb1+ 36.Qg1 Qf5
37.Rh3 cxd5 38.Nxf7 Qe4+ 39.Rg2 Rxf7 40.Qf1 dxc4 41.bxc4 Be5 42.Qd3 Qxd3
43.Rxd3 Bxf6 44.Bxf6 Rxf6 45.Rd8+ Kf7 46.Rd7+ Ke6 47.Rxa7 f3 48.Rb2 Ke5 49.Kg1 Kf4
50.Rxh7 Ne5 51.Rb3 Kg3 52.Rh2 Ng4 53.Rg2+ Kh4 54.Rxg4+ Kxg4 55.Kf2 Rc6 56.Rb4 Rc5
57.a3 Kf4 58.Rxb6 Rxc4 59.Rf6+ Kg4 60.Rg6+ Kf5 61.Rg8 Kf4  1/2-1/2

[Event "ch-AUT"]
[Site "Jenbach AUT"]
[Date "2009.07.29"]
[Round "5"]
[White "Hoelzl,F"]
[Black "Schweitzer,W"]
[Result "0-1"]
[WhiteElo "2358"]
[BlackElo "2022"]

1.Nf3 d5 2.c4 c6 3.d4 Nf6 4.e3 Bg4 5.Qb3 Qb6 6.Qc2 e6 7.Nbd2 Bb4 8.Bd3 dxc4
9.Qxc4 Nbd7 10.O-O O-O 11.Qc2 Bd6 12.Ng5 Qa5 13.f4 h6 14.Nc4 Qc7 15.Nh7 Nxh7
16.Bxh7+ Kh8 17.Bd3 f5 18.Ne5 Bh5 19.Bc4 Rae8 20.Qb3 Bxe5 21.fxe5 Bf7 22.Bd2 c5
23.Rac1 cxd4 24.exd4 Qb6 25.Qxb6 Nxb6 26.Bb4 Rg8 27.Rxf5 Nxc4 28.Rxf7 Nxb2
29.Rxb7 Nd3 30.Rcc7 Rb8 31.Rxg7 Rxb7 32.Rxb7 Rc8 33.Bd2 Rc2 34.Bxh6 Rxa2
35.Rb1 Kh7 36.Bg5 Kg6 37.h4 Nf2 38.Re1 Nd3 39.Re3 Nb4 40.g4 a5 41.Be7 Nd5
42.Rf3 Nxe7 43.Rf6+ Kg7 44.h5 Ng8 45.Rxe6 a4 46.g5 Rd2 47.Rg6+ Kh7 48.Rd6 a3
49.Rd7+ Kh8 50.g6 Nh6 51.Rd8+ Kg7  0-1

[Event "Czech Open A"]
[Site "Pardubice CZE"]
[Date "2009.07.29"]
[Round "6"]
[White "Laznicka,V"]
[Black "Rombaldoni,D"]
[Result "1-0"]
[WhiteElo "2617"]
[BlackElo "2465"]

1.Nf3 d5 2.c4 d4 3.b4 Bg4 4.Bb2 Bxf3 5.exf3 c5 6.bxc5 Nc6 7.Qb3 Rb8 8.Bd3 e6
9.O-O Nf6 10.Be4 Nd7 11.Qd3 Bxc5 12.f4 Nf6 13.Bf3 O-O 14.Na3 Nb4 15.Qb3 a6
16.Rab1 Qd6 17.g3 Nd7 18.d3 h6 19.Bc1 Rfc8 20.Re1 Nc6 21.Re2 Bb4 22.Kg2 Nc5
23.Qd1 Bc3 24.Nc2 b5 25.cxb5 axb5 26.h4 b4 27.Kh2 Rb6 28.Na1 Na5 29.Re5 Nc6
30.Re2 Ra6 31.Nb3 Rca8 32.Nxc5 Qxc5 33.Qb3 R8a7 34.g4 Qb5 35.Be4 Ne7 36.a3 Kh8
37.Qd1 Qb8 38.Kh3 Rb6 39.axb4 Rxb4 40.Rxb4 Qxb4 41.f5 exf5 42.gxf5 Qb5 43.f6 Ng6
44.Qg1 Kh7 45.Qg4 h5 46.Qf3 gxf6 47.Qxf6 Qd7+ 48.Kh2 Bb4 49.Bf4 Ra5 50.Rb2 Qe7
51.Bxg6+ fxg6 52.Qxe7+ Bxe7 53.Rb7  1-0

[Event "Women's Open"]
[Site "Vratsa BUL"]
[Date "2009.07.29"]
[Round "6"]
[White "Sgircea,S"]
[Black "Voiska,M"]
[Result "1/2-1/2"]
[WhiteElo "2199"]
[BlackElo "2332"]

1.Nf3 d5 2.c4 c6 3.e3 Nf6 4.Nc3 a6 5.b3 Bg4 6.Be2 e6 7.O-O Nbd7 8.d4 Bd6
9.h3 Bh5 10.Qc2 Bg6 11.Bd3 e5 12.cxd5 cxd5 13.dxe5 Nxe5 14.Nxe5 Bxe5 15.Bb2 Rc8
16.Qd2 O-O 17.Bxg6 hxg6 18.Rac1 Qa5 19.Rfd1 Ne4 20.Nxe4 Qxd2 21.Nxd2 Bxb2
22.Rxc8 Rxc8 23.Nf3 Rc5 24.Kf1 Kf8 25.Ke2 Ke7 26.Ne1 Bf6 27.Rd2 Bc3 28.Rc2 Rc6
29.Nd3 Kd6 30.Kf3 a5  1/2-1/2

[Event "Hanowa Generations"]
[Site "Biel SUI"]
[Date "2009.07.30"]
[Round "10"]
[White "Giffard,N"]
[Black "Rosenthal,Jon"]
[Result "0-1"]
[WhiteElo "2357"]
[BlackElo "2262"]

1.Nf3 d5 2.c4 c6 3.Na3 Nf6 4.b3 Bg4 5.Ne5 Bh5 6.cxd5 cxd5 7.Qc2 Nbd7 8.Nxd7 Qxd7
9.e3 a6 10.b4 e5 11.Qb3 Bd6 12.f3 O-O 13.Bb2 Qe7 14.b5 a5 15.Nb1 a4 16.Qd1 a3
17.Bc1 e4 18.Be2 Be5 19.Nc3 d4 20.f4 dxc3 21.fxe5 Qxe5 22.Rb1 Bxe2 23.Qxe2 c2
24.Rb4 Qa1 25.O-O Qxa2 26.Rxf6 gxf6 27.Rxe4 Qa1 28.Qf1 a2  0-1

[Event "Czech Open A"]
[Site "Pardubice CZE"]
[Date "2009.07.30"]
[Round "7"]
[White "Kantans,T"]
[Black "Simek,P2"]
[Result "1/2-1/2"]
[WhiteElo "2209"]
[BlackElo "2301"]

1.Nf3 d5 2.c4 c6 3.g3 Nf6 4.Bg2 dxc4 5.a4 Be6 6.Qc2 Na6 7.Na3 Qd5 8.O-O Qc5
9.Rd1 g6 10.d4 cxd3 11.Qxd3 Bf5 12.Qb3 Qb4 13.Nd4 Bg7 14.Qxb4 Nxb4 15.Nxf5 gxf5
16.Nc4 Nfd5 17.Bh3 Nc2 18.Rb1 Nd4 19.e3 Ne2+ 20.Kf1 Nxc1 21.Rdxc1 e6 22.Nd6+ Ke7
23.Nxb7 Rhb8 24.Na5 Rxb2 25.Rxb2 Bxb2 26.Rxc6 Nb6 27.Rc7+ Kf6 28.Bg2 Rc8
29.Rxc8 Nxc8 30.Ke2 Nb6 31.Bc6 Bc3 32.Nb7 a5 33.Kd3 Bb4 34.e4 fxe4+ 35.Kxe4 Nc4
36.Bb5 Nd6+ 37.Nxd6 Bxd6  1/2-1/2

[Event "ZMD Open"]
[Site "Dresden GER"]
[Date "2009.07.31"]
[Round "7"]
[White "Stabolewski,A"]
[Black "Schmidt,Jad"]
[Result "1-0"]
[WhiteElo "2256"]
[BlackElo "2012"]

1.Nf3 d5 2.c4 d4 3.g3 c5 4.b4 cxb4 5.a3 b3 6.Bg2 Nc6 7.d3 e5 8.O-O Nf6 9.Nbd2 Be7
10.Nxb3 O-O 11.Re1 a5 12.Rb1 Re8 13.Nbd2 a4 14.Rb5 Ra5 15.Qc2 Bc5 16.Ng5 Na7
17.Rb1 Qe7 18.Nde4 Nxe4 19.Nxe4 b6 20.Bg5 f6 21.Bd2 Ra6 22.Nxc5 bxc5 23.Bd5+ Kh8
24.e3 dxe3 25.fxe3 Qc7 26.Bc3 Nc6 27.Rb5 Ne7 28.Be4 Nf5 29.Rb2 Nd6 30.Bd5 Bf5
31.Reb1 Be6 32.Qg2 Bxd5 33.Qxd5 Qc6 34.Rb8 Qxd5 35.cxd5 Kg8 36.Rxe8+ Nxe8
37.Rb5 Kf7 38.Rxc5 Ke7 39.Rb5 Ra7 40.Bb4+ Kd7 41.e4 Nd6 42.Rb6 Nc8 43.Rc6 Ne7
44.Re6 Nc8 45.Bf8 Kd8 46.Kf2 Rf7 47.Bb4 f5 48.Ke3 f4+ 49.Kf3 g5 50.g4 h5
51.h3 hxg4+ 52.hxg4 Rh7 53.Rxe5 Rh3+ 54.Kf2 Rxd3 55.Rxg5 Nb6 56.Ba5 Rxa3
57.Bxb6+ Kd7 58.Rg7+ Ke8 59.Re7+ Kf8 60.Bc5  1-0

[Event "ZMD Open"]
[Site "Dresden GER"]
[Date "2009.07.31"]
[Round "7"]
[White "Jaracz,P"]
[Black "Breder,D"]
[Result "1/2-1/2"]
[WhiteElo "2539"]
[BlackElo "2435"]

1.Nf3 d5 2.c4 c6 3.e3 Nf6 4.Nc3 e6 5.b3 Bd6 6.Qc2 e5 7.cxd5 cxd5 8.Nb5 Nc6
9.Nxd6+ Qxd6 10.Bb5 O-O 11.Bxc6 bxc6 12.Bb2 Nd7 13.O-O Ba6 14.Rfc1 Rfc8 15.d4 e4
16.Ne5 Nb8 17.h3 f6 18.Ng4 Nd7 19.Qd2  1/2-1/2

[Event "ch-AUT"]
[Site "Jenbach AUT"]
[Date "2009.07.31"]
[Round "7"]
[White "Ager,J"]
[Black "Diermair,A"]
[Result "0-1"]
[WhiteElo "2214"]
[BlackElo "2361"]

1.Nf3 d5 2.c4 c6 3.g3 Nf6 4.Bg2 dxc4 5.Na3 e5 6.Nxc4 e4 7.Ng1 Be6 8.b3 Bc5
9.Bb2 O-O 10.Nh3 Re8 11.O-O Nbd7 12.Rc1 Qe7 13.Qc2 Bg4 14.Rfe1 Nd5 15.Ne5 Nxe5
16.Qxc5 Qf6 17.Kh1 Qh6 18.Nf4 Nxf4 19.gxf4 Qxf4 20.f3 exf3  0-1

[Event "Centroamericano & Caribbean U20 w"]
[Site "Medellin COL"]
[Date "2009.07.31"]
[Round "3"]
[White "Esquivel de Leon,A"]
[Black "Echeverry,M"]
[Result "1-0"]
[WhiteElo "2008"]
[BlackElo "1851"]

1.Nf3 d5 2.c4 c6 3.g3 Nf6 4.Bg2 g6 5.cxd5 cxd5 6.O-O Bg7 7.d3 O-O 8.Qc2 Nc6
9.Bf4 Nh5 10.Bd2 Qb6 11.Nc3 e6 12.Rac1 a6 13.Na4 Qd8 14.b4 Nd4 15.Nxd4 Bxd4
16.Bc3 Bxc3 17.Qxc3 Bd7 18.Nc5 Bc6 19.d4 Rc8 20.Qd2 Ng7 21.Rc3 Qb6 22.Rb1 Nf5
23.a4 Nd6 24.Qf4 Qd8 25.Rbc1 Nc4 26.a5 Qe7 27.e4 Rfe8 28.e5 Bb5 29.h4 h5
30.Bf3 Kg7 31.Kg2 Rh8 32.R1c2 Rb8 33.Be2 Rbd8 34.Rf3 Bc6 35.Qc1 Rdf8 36.Rf6 Nd6
37.Qg5 Nf5 38.Bd3 Re8 39.Nxe6+  1-0

[Event "Czech Open A"]
[Site "Pardubice CZE"]
[Date "2009.07.31"]
[Round "8"]
[White "Tiemann,C"]
[Black "Poliakov,A"]
[Result "1-0"]
[WhiteElo "2217"]
[BlackElo "2315"]

1.Nf3 d5 2.c4 e6 3.g3 c6 4.Qc2 Nf6 5.Bg2 Nbd7 6.d4 Bb4+ 7.Nbd2 O-O 8.O-O b6
9.e4 Bb7 10.e5 Ne8 11.cxd5 cxd5 12.Re1 Rc8 13.Qb3 a5 14.a3 Be7 15.Bf1 Nc7
16.h4 Ba6 17.Bxa6 Nxa6 18.Qd3 Nc7 19.Nf1 f6 20.exf6 Bxf6 21.Bf4 Re8 22.N1h2 Nf8
23.Ng4 Re7 24.Rac1 Ne8 25.Rxc8 Qxc8 26.Rc1 Qb7 27.Qb5 Ng6 28.Rc6 Nxf4 29.gxf4 Qb8
30.Nge5 Rb7 31.Rc3 Nd6 32.Qc6 Qd8 33.Ng5 Qe7 34.Kf1 g6 35.h5 Bxg5 36.fxg5 gxh5
37.g6 Ne4 38.Qc8+ Kg7 39.gxh7 Kxh7 40.Rc6 Ng5 41.f4 Ne4 42.Ng6 Qf7 43.Nf8+ Kh6
44.Nxe6 Nf6 45.Qh8+ Kg6 46.Nd8 Qg7 47.Qe8+ Kh7 48.Qe5 Qg4 49.Rxf6 Qd1+ 50.Kf2 Qd2+
51.Kf3 Qd3+ 52.Qe3 Qf1+ 53.Qf2 Qd3+ 54.Kg2 Re7 55.Rf7+ Rxf7 56.Nxf7 Qe4+
57.Kh2 Qd3 58.Ne5 Qf5 59.Kg3 Kg7 60.Qf3 Kf6 61.Qxd5 h4+ 62.Kxh4 Qxf4+ 63.Ng4+ Kg6
64.Qe6+ Kh7 65.Qf6 Qc1 66.Qh6+ Qxh6+ 67.Nxh6 Kxh6 68.Kg4 Kg6 69.Kf4 Kf6 70.d5 Ke7
71.Ke5 Kd7 72.a4 Ke7 73.d6+ Kd7 74.Kd5 Kd8 75.Kc6 Kc8 76.Kxb6 Kd7 77.Kxa5  1-0

[Event "Women's Open"]
[Site "Vratsa BUL"]
[Date "2009.07.31"]
[Round "9"]
[White "Sgircea,S"]
[Black "Raeva,E"]
[Result "1/2-1/2"]
[WhiteElo "2199"]
[BlackElo "2236"]

1.Nf3 d5 2.c4 c6 3.e3 Nf6 4.Nc3 g6 5.d4 Bg7 6.b3 O-O 7.Bd3 c5 8.O-O cxd4
9.exd4 Nc6 10.Be3 dxc4 11.bxc4 Ng4 12.Be4 Na5 13.Qe2 Be6 14.Bd5 Nxe3 15.fxe3 Bg4
16.h3 Bxf3 17.Bxf3 e5 18.dxe5 Bxe5 19.Rac1 Qh4 20.Bd5 Kg7 21.Ne4 f5 22.Nc5 Rfe8
23.Qf3 Bd6 24.Ne6+ Kf6 25.e4 Rxe6 26.Bxe6 Nc6 27.exf5 Nd4 28.Qe3 g5 29.Rfe1 Rd8
30.Qe4 Bg3 31.Qxh4 gxh4 32.Re4 Nc6 33.Bd5 Ne5 34.Rb1  1/2-1/2

[Event "Women's Open"]
[Site "Vratsa BUL"]
[Date "2009.07.31"]
[Round "9"]
[White "Voiska,M"]
[Black "Bulmaga,I"]
[Result "1/2-1/2"]
[WhiteElo "2332"]
[BlackElo "2277"]

1.Nf3 d5 2.c4 dxc4 3.e3 Nf6 4.Bxc4 e6 5.b3 Nbd7 6.Bb2 a6 7.O-O b5 8.Be2 c5
9.a4 b4 10.d3 Bb7 11.Nbd2 Be7 12.Rc1 O-O 13.e4 Rc8 14.Nc4 a5 15.Nfe5 Nxe5
16.Bxe5 Ba6 17.Bb2 Nd7 18.f4 Nb6 19.Kh1 Nxc4 20.dxc4 Qxd1 21.Rcxd1 Rfd8 22.Rxd8+ Rxd8
23.Rd1 Rxd1+ 24.Bxd1 f6 25.Kg1  1/2-1/2

[Event "Czech Open A"]
[Site "Pardubice CZE"]
[Date "2009.08.01"]
[Round "9"]
[White "Daskevics,Va"]
[Black "Richter,Mic"]
[Result "1/2-1/2"]
[WhiteElo "2341"]
[BlackElo "2427"]

1.Nf3 d5 2.c4 c6 3.e3 e6 4.b3 Nf6 5.Bb2 Bd6 6.Qc2 Nbd7 7.Nc3 O-O 8.Be2 Qe7
9.Rg1 e5 10.cxd5 Nxd5 11.g4 Nc5 12.a3 Be6 13.g5 f5 14.gxf6 Nxf6 15.b4 Nb3
16.Rd1 h6 17.Nh4 Nd4 18.exd4 exd4 19.Ng6 Qf7 20.Nxf8 Rxf8 21.Ne4 Nxe4 22.Bxd4 Ng5
23.h4 Be5 24.Qc5 Nh3 25.Rg3 Bxg3 26.fxg3 Bd5 27.d3 g5 28.Kd2 gxh4 29.gxh4 Bf3
30.Bxf3 Qxf3 31.Kc2 Qd5 32.Qxd5+ cxd5 33.Bxa7 Rf4 34.Re1 Rxh4 35.Re8+ Kf7
36.Rb8 Nf4 37.Rxb7+ Ke6 38.Be3 Rh2+ 39.Kc3 Ne2+ 40.Kb3 Rh3 41.Bxh6 Rxd3+
42.Kb2 Kd6 43.b5 Kc5 44.Kc2 Rf3 45.Kd2 Nd4 46.Be3 Rxe3 47.Kxe3 Nc2+ 48.Kd3 Nxa3
49.Rc7+ Kxb5 50.Kd4 Nc4 51.Kxd5 Na5 52.Rc8 Kb6 53.Rc1 Kb5 54.Rb1+ Ka6 55.Rb4 Nb7
56.Kc6 Na5+ 57.Kc7 Ka7 58.Rb6 Nc4 59.Rc6 Na5 60.Re6 Nc4 61.Rf6 Na5 62.Rb6 Nc4
63.Rb5 Ka6 64.Kc6 Na5+ 65.Kc5 Nb7+ 66.Kb4 Ka7 67.Rh5 Kb6 68.Rh6+ Kc7 69.Kb5 Nd8
70.Kc5 Nb7+ 71.Kd5 Nd8 72.Rd6 Kc8 73.Rg6 Kc7 74.Rf6 Kd7 75.Rf7+  1/2-1/2

[Event "Czech Open A"]
[Site "Pardubice CZE"]
[Date "2009.08.01"]
[Round "9"]
[White "Rehorek,M"]
[Black "Nemcova,Kat"]
[Result "1/2-1/2"]
[WhiteElo "2374"]
[BlackElo "2251"]

1.Nf3 d5 2.c4 d4 3.e3 c5 4.b4 Bg4 5.exd4 cxd4 6.Qa4+ Bd7 7.Qb3 e5 8.d3 Bd6
9.Be2 Nf6 10.Nbd2 O-O 11.O-O Re8 12.Ne4 Nxe4 13.dxe4 a5 14.c5 Bf8 15.Ng5 Be6
16.Nxe6 fxe6 17.bxa5 Nd7 18.c6 bxc6 19.a6 Nc5 20.Qc4 d3 21.Bf3 Qd4 22.Qxd4 exd4
23.e5 Rxa6 24.Rd1 Rb8 25.h3 Rb5 26.g3 Nb3 27.Rb1 Nxc1 28.Rbxc1 c5 29.Rxd3 Rxa2
30.Bg4 Rb6 31.Kg2 g6 32.Rb3 Raa6 33.Rd3 Rb2 34.h4 Kg7 35.h5 Be7 36.Rf3 Rc6
37.h6+ Kg8 38.Ra1 Rb8 39.Ra7 Re8 40.Rf4 Bf8 41.Be2 Re7 42.Ra8 Rf7 43.Bc4 Rxf4
44.gxf4 Kf7  1/2-1/2

[Event "Arctic Chess Challenge"]
[Site "Tromso NOR"]
[Date "2009.08.01"]
[Round "1"]
[White "Bernal Moro,L"]
[Black "Akkanen,T"]
[Result "1-0"]
[WhiteElo "2446"]
[BlackElo "1899"]

1.Nf3 d5 2.c4 c6 3.e3 Nf6 4.Nc3 g6 5.d4 Bg7 6.Be2 O-O 7.h3 Re8 8.O-O Nbd7
9.cxd5 cxd5 10.Qb3 Nb6 11.a4 e6 12.a5 Nbd7 13.Bd2 Ne4 14.Be1 Nxc3 15.bxc3 Nb8
16.c4 dxc4 17.Bxc4 Nc6 18.Bc3 Rb8 19.Rfc1 Bd7 20.Qa2 Ne7 21.e4 Bc6 22.Qe2 Qd7
23.Ne5 Bxe5 24.dxe5 Red8 25.Bb4 Nc8 26.Rd1 Qe8 27.Rxd8 Qxd8 28.Rd1 Qe8 29.Qf3 Ba4
30.Rd2 Ne7 31.Qa3 Rc8 32.Bxe7 Qc6 33.Bd3 b6 34.axb6 axb6 35.Bd6 b5 36.Qb2 Qd7
37.Bf1 Rc6 38.Kh2 Qc8 39.Bd3 Rc1 40.Qb4 Qd8 41.Bxb5 Bd1 42.Qb2 Qc8 43.Bd7 Qxd7
44.Qxc1  1-0

[Event "16th ORDIX Open"]
[Site "Mainz GER"]
[Date "2009.08.02"]
[Round "7"]
[White "Navara,D"]
[Black "Sokolov,Iv"]
[Result "0-1"]
[WhiteElo "2687"]
[BlackElo "2655"]

1.Nf3 d5 2.c4 c6 3.e3 Nf6 4.Nc3 a6 5.Qc2 g6 6.b3 Bg7 7.Bb2 O-O 8.Be2 b5 9.O-O Bf5
10.Qc1 Re8 11.Nd4 Bd7 12.f4 c5 13.Nf3 bxc4 14.bxc4 e6 15.Ba3 Qa5 16.cxd5 exd5
17.Ne5 Be6 18.Bf3 Ra7 19.Rb1 Rc7 20.e4 dxe4 21.Nxe4 Nxe4 22.Bxe4 Bxa2 23.Rb2 Be6
24.Rc2 Rec8 25.Kh1 c4 26.Bd6 Bxe5 27.fxe5 Rd7 28.d4 Nc6 29.Bxc6 Rxc6 30.Rb2 Rc8
31.Qa1 Qxa1 32.Rxa1 Bf5 33.Rxa6 c3 34.Rc6 Rdd8 35.Rbb6 c2 36.Ba3 Rxc6 37.Rxc6 Rxd4
38.h3 Ra4 39.Bb2 Ra2 40.e6 Rxb2  0-1

[Event "XXXV Open"]
[Site "Badalona ESP"]
[Date "2009.08.03"]
[Round "3"]
[White "Sundararajan,K"]
[Black "Pomes Marcet,J"]
[Result "1/2-1/2"]
[WhiteElo "2506"]
[BlackElo "2365"]

1.Nf3 d5 2.c4 c6 3.e3 e6 4.Nc3 f5 5.b3 Nf6 6.Bb2 Bd6 7.Qc2 O-O 8.Be2 Qe7
9.h3 Na6 10.a3 Nc7 11.b4 b6 12.O-O Bb7 13.Rab1 dxc4 14.Bxc4 Ncd5 15.d3 Nd7
16.Ne2 Rac8 17.Qb3 b5 18.Bxd5 exd5 19.Nf4 a6 20.Rfe1 Rce8 21.Nh5 Ne5 22.Nxe5 Bxe5
23.Bxe5 Qxe5 24.Qb2 Qe7 25.Qd4 Qf7 26.Ng3 Re6 27.Rbc1 Rfe8 28.Qf4 g6 29.Ne2 Qf6
30.Nd4 Re5 31.Nf3 R5e7 32.Rc2 Kg7 33.Rec1 Kg8 34.Qg5 Qxg5 35.Nxg5 d4 36.exd4 Rd7
37.Nf3 a5 38.Rc5 axb4 39.axb4 Red8 40.Ra1 Ba8 41.Rc3 Kg7 42.Rca3 Bb7 43.Ra7 Kf6
44.Rc1 Re7 45.Rc5 g5 46.g4 fxg4 47.hxg4 h6 48.Rf5+ Kg7 49.Kh2 Ra8 50.Rxa8 Bxa8
51.Kg3 Bb7 52.Rc5 Rd7 53.d5 Rxd5 54.Rxd5 cxd5 55.Nd4 Kf6 56.Nxb5 Ba6 57.Nc7 Bxd3
58.Nxd5+ Ke5 59.Ne7 Bc4 60.Kf3 Kf6 61.Nf5 h5 62.Ne3 hxg4+ 63.Nxg4+ Ke6 64.Ne3 Bb5
65.Ke4 Be2 66.Nc2 Kd6 67.Nd4 Bd1 68.Nf5+ Ke6 69.Ne3 Be2 70.Kd4 Kd6 71.Nd5 Kc6
72.Nc3 Bf3 73.b5+ Kb6 74.Kc4 Bg2 75.Nd5+ Kb7 76.Kc5 Bf3 77.Ne3 Be4 78.Nc4 Bf3
79.Nd6+ Kc7 80.Nf7 g4 81.Ne5 Be2 82.Nc6 Bf3 83.Nd4 Bg2 84.Nf5 Bf3 85.Nh6 Be2
86.Ng8 Bf3 87.Nf6 Be2 88.b6+ Kb7 89.Ne4 Bf3 90.Nd6+ Kb8 91.Nf7 Kb7 92.Nd8+ Kc8
93.Nf7 Kb7 94.Nd6+ Kb8 95.Kd4 Be2 96.Ke5 Bf3 97.Kf4 Be2 98.Kf5 Bf3 99.Ke6 Be2
100.Kd5 Bf3+ 101.Kc5 Be2 102.Kc6 Bf3+ 103.Kb5 Be2+ 104.Kb4 Bf3 105.Ka5 Be2
106.Ne4 Kb7 107.Nc5+ Kb8 108.Kb4 Bf1 109.Kc3 Bg2 110.Kd4 Bf3 111.Ke5 Bg2
112.Kf4 Bf3 113.Ke3 Bg2 114.Kf4 Bf3 115.Kf5 Be2 116.Kg5 Bd1 117.Kh4 Be2 118.Kg5 Bd1
119.Nd3 Kb7 120.Ne5 Kxb6 121.Nxg4 Kc6 122.f4 Bc2 123.Kf6 Kd6 124.Ne3 Bd3
125.Nf5+ Kd7 126.Ke5 Ke8 127.Nd6+ Ke7 128.Ne4 Bxe4 129.Kxe4  1/2-1/2

[Event "4th Timisoara Cup A"]
[Site "Timisoara ROM"]
[Date "2009.08.03"]
[Round "3"]
[White "Anton,T"]
[Black "Nemes,S"]
[Result "1-0"]
[WhiteElo "2379"]
[BlackElo "2264"]

1.Nf3 d5 2.c4 c6 3.e3 Nf6 4.Nc3 g6 5.d4 Bg7 6.Bd3 O-O 7.h3 c5 8.O-O Na6 9.a3 cxd4
10.exd4 dxc4 11.Bxc4 Nc7 12.Qb3 a6 13.a4 b5 14.axb5 axb5 15.Rxa8 bxc4 16.Rxc8 Qxc8
17.Qxc4 Ncd5 18.Qxc8 Rxc8 19.Bd2 Rb8 20.Ra1 h6 21.Nxd5 Nxd5 22.Bc3 Rb7 23.Kf1 e6
24.Ra8+ Bf8 25.g3 Kg7 26.Ke2 Bd6 27.Nd2 h5 28.h4 Be7 29.Kd3 Kf6 30.Ne4+ Kf5
31.f3 f6 32.Rh8 Rc7 33.Rh7 Rc6 34.Bd2 e5 35.dxe5 Kxe5 36.Bc3+ Ke6 37.Rg7 Bf8
38.Rb7 Be7 39.Bd2 Rb6 40.Rxb6+ Nxb6 41.Kd4 Kd7 42.Ba5 Nc8 43.Kd5 g5 44.Nc5+ Ke8
45.Ne6 Nd6 46.hxg5 fxg5 47.Ng7+ Kf7 48.Nxh5 Kg6 49.g4 Nb7 50.Bc3  1-0

[Event "110th US Open"]
[Site "Indianapolis USA"]
[Date "2009.08.04"]
[Round "4"]
[White "Scheunemann,T"]
[Black "Aaron,D"]
[Result "0-1"]
[WhiteElo "1873"]
[BlackElo "2110"]


1.Nf3 d5 2.c4 c6 3.b3 Nf6 4.e3 Bg4 5.Be2 e6 6.O-O Bd6 7.Bb2 O-O 8.d3 Nbd7
9.Nbd2 Re8 10.h3 Bh5 11.d4 Qe7 12.Ne5 Bxe2 13.Qxe2 Nf8 14.f4 Bb4 15.Nef3 Ne4
16.Nxe4 dxe4 17.Nd2 f5 18.a3 Bd6 19.b4 Bc7 20.g4 a5 21.Bc3 Qh4 22.Qg2 axb4
23.axb4 Ng6 24.Rxa8 Rxa8 25.gxf5 exf5 26.Nxe4 fxe4 27.f5 Nf8 28.f6 Ng6 29.f7+ Kh8
30.d5 Rf8 31.Qb2 Qg3+ 32.Kh1 Qxh3+ 33.Kg1 Qg3+ 34.Kh1 Be5  0-1

[Event "ITT Vicente Lopez"]
[Site "Villa Martelli ARG"]
[Date "2009.08.04"]
[Round "1"]
[White "Diaz Hollemaert,N"]
[Black "Espinoza Palomino,W"]
[Result "1-0"]
[WhiteElo "2443"]
[BlackElo "2272"]

1.Nf3 d5 2.c4 c6 3.e3 Nf6 4.Nc3 e6 5.Qc2 Bd6 6.d4 Nbd7 7.Bd2 Qe7 8.O-O-O a6
9.e4 Nxe4 10.Nxe4 dxe4 11.Qxe4 O-O 12.Bd3 f5 13.Qe2 e5 14.dxe5 Nxe5 15.Bg5 Qe6
16.Nxe5 Qxe5 17.Qxe5 Bxe5 18.Rhe1 Bd6 19.Bc2 Bb4 20.Re5 h6 21.Be3 f4 22.Bb6 Rf6
23.c5 Bg4 24.f3 Be6 25.a3  1-0

[Event "XXXV Open"]
[Site "Badalona ESP"]
[Date "2009.08.05"]
[Round "5"]
[White "Sundararajan,K"]
[Black "Shumiakina,T"]
[Result "1-0"]
[WhiteElo "2506"]
[BlackElo "2334"]

1.Nf3 d5 2.c4 dxc4 3.e3 Nf6 4.Bxc4 e6 5.O-O c5 6.Qe2 a6 7.Rd1 b5 8.Bb3 Bb7
9.a4 b4 10.d3 Nc6 11.Nbd2 Na5 12.Bc2 Be7 13.e4 Qc7 14.Nb3 Nxb3 15.Bxb3 h6
16.Be3 Ng4 17.Rac1 Nxe3 18.Qxe3 O-O 19.d4 Rac8 20.Ne5 Rfd8 21.Qh3 Rf8 22.Nxf7 Rxf7
23.Bxe6 Rf8 24.dxc5 Bxe4 25.c6 Bf5 26.Qxf5  1-0

[Event "GMA"]
[Site "Peterhof RUS"]
[Date "2009.08.06"]
[Round "6"]
[White "Kaliberda,V"]
[Black "Lugovskoy,M"]
[Result "1-0"]
[WhiteElo "2308"]
[BlackElo "2102"]

1.Nf3 d5 2.c4 e6 3.d4 Nf6 4.cxd5 exd5 5.Nc3 Nbd7 6.Bg5 Be7 7.e3 O-O 8.Bd3 Re8
9.Qc2 Nf8 10.O-O c6 11.Bxf6 Bxf6 12.b4 a6 13.a4 Bg4 14.Nd2 Rc8 15.Rfc1 Qd6
16.Qb3 Bh4 17.Nf1 Ne6 18.Ra2 Ng5 19.Qb1 g6 20.f4 Ne6 21.h3 Bh5 22.g4 Nxf4
23.exf4 Bxg4 24.hxg4 Qxf4 25.Rg2 Qxd4+ 26.Kh1 Bg5 27.Ne2 Qf6 28.Rd1 Re5 29.Nh2 Re3
30.Rf1 Qd6 31.Rgf2 Rh3 32.Ng1 Rh6 33.Qb2 f6 34.Re2 Rf8 35.Qd4 a5 36.bxa5 c5
37.Qf2 c4 38.Bb1 d4 39.Ba2 d3 40.Bxc4+ Kh8 41.Re6 Qd7 42.Nf3 Bf4 43.g5 fxg5
44.Qb2+ Qg7 45.Qxg7+ Kxg7 46.Kg2 Bxh2 47.Nxh2 Rxh2+ 48.Kxh2 Rxf1 49.Bxd3 Rf2+
50.Kg3 Rd2 51.Bb5 h5 52.Rb6 g4 53.Kf4 Rd4+ 54.Ke3 g3 55.Rxb7+ Kh6 56.Bc6 Rd6
57.Rb6 h4 58.Be4 Rd7 59.Rxg6+ Kh5 60.a6 Ra7 61.Kf4 g2 62.Rxg2 h3 63.Rh2  1-0

[Event "GMA"]
[Site "Peterhof RUS"]
[Date "2009.08.06"]
[Round "6"]
[White "Khuseinkhodzhaev,M"]
[Black "Lavretzkij,R"]
[Result "1/2-1/2"]
[WhiteElo "2381"]
[BlackElo "2313"]

1.Nf3 d5 2.c4 c6 3.e3 Nf6 4.b3 Bg4 5.Bb2 e6 6.Be2 Nbd7 7.h3 Bh5 8.d3 Bd6
9.Nbd2 Qe7 10.Qc2 Ba3 11.O-O O-O 12.Rfe1 a5 13.Nf1 Rfc8 14.g4 Bg6 15.Nh4 Bxb2
16.Qxb2 b5 17.Kg2 Ne8  1/2-1/2

[Event "Arctic Chess Challenge"]
[Site "Tromso NOR"]
[Date "2009.08.07"]
[Round "7"]
[White "Tjolsen,K"]
[Black "Groetz,H"]
[Result "1-0"]
[WhiteElo "2160"]
[BlackElo "2350"]

1.Nf3 d5 2.c4 c6 3.e3 Nf6 4.Nc3 a6 5.d4 b5 6.c5 Nbd7 7.Qb3 e5 8.a4 b4 9.Qxb4 Rb8
10.Qa3 e4 11.Nd2 Ng4 12.h3 Qh4 13.g3 Qh6 14.Ne2 Nge5 15.Ng1 f6 16.b4 Nf7
17.Nb1 Ng5 18.Nc3 Ne6 19.Bd2 f5 20.Qa2 Ra8 21.Nxd5 cxd5 22.Qxd5 Nc7 23.Qb3 Bb7
24.Bc4 Qf6 25.Rd1 Rd8 26.Bc3 Qe7 27.Ne2 Nf6 28.b5 axb5 29.axb5 Bd5 30.b6 Bxc4
31.Qxc4 Ncd5 32.Qb5+ Kf7 33.Ba5 Rb8 34.O-O Qe8 35.c6 Bd6 36.Qc4 Kg6 37.Rb1 Rc8
38.Rfc1 Ne7 39.c7 Bxc7 40.bxc7 Ned5 41.Rb5 Qd7 42.Rxd5  1-0

[Event "Arctic Chess Challenge"]
[Site "Tromso NOR"]
[Date "2009.08.07"]
[Round "7"]
[White "Bernal Moro,L"]
[Black "Vas,P SWE"]
[Result "1-0"]
[WhiteElo "2446"]
[BlackElo "2232"]

1.Nf3 d5 2.c4 e6 3.d4 c6 4.e3 Nf6 5.b3 Nbd7 6.Bd3 Bd6 7.Bb2 O-O 8.O-O Qe7
9.Ne5 a5 10.a3 Bc7 11.Nd2 Nxe5 12.dxe5 Nd7 13.f4 Rd8 14.cxd5 exd5 15.Qh5 g6
16.Qh6 Qf8 17.Qh4 Re8 18.f5 Qe7 19.f6 Qf8 20.Bxg6 hxg6 21.Nf3 Nxf6 22.Ng5 Bxe5
23.Rxf6 Qg7 24.Bxe5 Rxe5 25.Rxf7 Qh8 26.Rf8+ Kxf8 27.Qxh8+  1-0